000 00489nam a2200193Ia 4500
003 OSt
005 20220926045437.0
006 a|||||r|||| 00| 0
007 ta
008 220923b |||||||| |||| 00| 0 eng d
037 _cGeneral Book
040 _aRTL
_cRTL
_beng
041 _2eng
_aeng
082 _aX61.73.N73, L3.3,1
245 0 _aInternational economic perspective
260 _c1973
942 _hX61.73.N73, L3.3,1
_cGB
_2CC
999 _c677629
_d677629